| 000 | 00532cam a22002054a 4500 | ||
|---|---|---|---|
| 005 | 20250605163552.0 | ||
| 008 | 250528s ||||||||||||||||||||||||d | ||
| 035 | _a21935 | ||
| 020 | _a9799607113602 | ||
| 040 |
_aGR-AtMCL _bgre _dGR-AtMCL _eAACR2 |
||
| 245 | 1 | _aUSE OF ENGLISH 2 (CAMBRIDGE FIRST CERTIFICATE) | |
| 250 | _a1 | ||
| 260 |
_bC.N.Grivas _bGrivas, _c1996 |
||
| 300 | _a190 | ||
| 505 | 0 | _aFOR FC CLASS TEACHER'S BOOK | |
| 520 | _aFOR FC CLASS TEACHER'S BOOK | ||
| 942 | _cBK | ||
| 999 |
_c6992 _d6992 |
||